<?xml version="1.0" encoding="UTF-8"?>
<record
    xmlns:xsi="http://www.w3.org/2001/XMLSchema-instance"
    xsi:schemaLocation="http://www.loc.gov/MARC21/slim http://www.loc.gov/standards/marcxml/schema/MARC21slim.xsd"
    xmlns="http://www.loc.gov/MARC21/slim">

  <leader>01403nam a22001937a 4500</leader>
  <controlfield tag="008">120724t        xxu||||| |||| 00| 0 eng d</controlfield>
  <datafield tag="020" ind1=" " ind2=" ">
    <subfield code="a">9780135064177</subfield>
  </datafield>
  <datafield tag="020" ind1=" " ind2=" ">
    <subfield code="a">0135064171</subfield>
  </datafield>
  <datafield tag="050" ind1=" " ind2=" ">
    <subfield code="a">QA76.9.C643.S73</subfield>
  </datafield>
  <datafield tag="100" ind1=" " ind2=" ">
    <subfield code="a">Stallings, William.</subfield>
  </datafield>
  <datafield tag="245" ind1=" " ind2=" ">
    <subfield code="a">Computer organization and architecture designing for performance. /</subfield>
    <subfield code="c">William Stallings.</subfield>
  </datafield>
  <datafield tag="250" ind1=" " ind2=" ">
    <subfield code="a">8th ed.</subfield>
  </datafield>
  <datafield tag="260" ind1=" " ind2=" ">
    <subfield code="a">Boston:</subfield>
    <subfield code="b">Pearson,</subfield>
    <subfield code="c">2010.</subfield>
  </datafield>
  <datafield tag="300" ind1=" " ind2=" ">
    <subfield code="a">792 p:</subfield>
    <subfield code="b">ill.;</subfield>
    <subfield code="c">24cm</subfield>
  </datafield>
  <datafield tag="500" ind1=" " ind2=" ">
    <subfield code="a">Includes index.</subfield>
  </datafield>
  <datafield tag="505" ind1=" " ind2=" ">
    <subfield code="a">Overview: Introduction -- Computer evolution and performance -- The Computer system: A Top- level view of computer function and interconnection -- Cache memory -- Internal memory technology -- External memory -- Input/ output -- Operating system support -- The Central processing unit: Computer arithmetic -- Instruction sets: charaterisitcs and functions -- Instructon sets addressing modes and formats -- Processor structure and function -- Reduced instruction set computers (RISCs) -- Instruction- level parallelsim and superscalar processors -- Control unit operation -- Microprogrammed control -- Parallel organization: Parallel processing -- Multicore computers -- Appendix A: Projects for teaching computer organization and architecture -- Assembly language and related topics -- Online chapters: Number systems -- Digital logic -- The IA- 64 Architrecture.</subfield>
  </datafield>
  <datafield tag="650" ind1=" " ind2=" ">
    <subfield code="a">Architecture.</subfield>
  </datafield>
  <datafield tag="942" ind1=" " ind2=" ">
    <subfield code="2">lcc</subfield>
    <subfield code="c">BK</subfield>
  </datafield>
  <datafield tag="999" ind1=" " ind2=" ">
    <subfield code="c">1815</subfield>
    <subfield code="d">9315</subfield>
  </datafield>
  <datafield tag="952" ind1=" " ind2=" ">
    <subfield code="0">0</subfield>
    <subfield code="1">0</subfield>
    <subfield code="2">lcc</subfield>
    <subfield code="4">0</subfield>
    <subfield code="7">0</subfield>
    <subfield code="a">WIUC-1</subfield>
    <subfield code="b">WIUC-1</subfield>
    <subfield code="c">GEN</subfield>
    <subfield code="d">2012-07-24</subfield>
    <subfield code="l">0</subfield>
    <subfield code="o">QA76.9.C643.S73</subfield>
    <subfield code="p">5272/12</subfield>
    <subfield code="r">2012-07-24 00:00:00</subfield>
    <subfield code="t">1</subfield>
    <subfield code="w">2012-07-24</subfield>
    <subfield code="y">BK</subfield>
  </datafield>
  <datafield tag="952" ind1=" " ind2=" ">
    <subfield code="0">0</subfield>
    <subfield code="1">0</subfield>
    <subfield code="2">lcc</subfield>
    <subfield code="4">0</subfield>
    <subfield code="7">0</subfield>
    <subfield code="a">WIUC-1</subfield>
    <subfield code="b">WIUC-1</subfield>
    <subfield code="c">GEN</subfield>
    <subfield code="d">2012-07-24</subfield>
    <subfield code="l">0</subfield>
    <subfield code="o">QA76.9.C643.S731</subfield>
    <subfield code="p">5273/12</subfield>
    <subfield code="r">2012-07-24 00:00:00</subfield>
    <subfield code="t">2</subfield>
    <subfield code="w">2012-07-24</subfield>
    <subfield code="y">BK</subfield>
  </datafield>
  <datafield tag="952" ind1=" " ind2=" ">
    <subfield code="0">0</subfield>
    <subfield code="1">0</subfield>
    <subfield code="2">lcc</subfield>
    <subfield code="4">0</subfield>
    <subfield code="7">0</subfield>
    <subfield code="a">WIUC-1</subfield>
    <subfield code="b">WIUC-1</subfield>
    <subfield code="c">GEN</subfield>
    <subfield code="d">2012-07-24</subfield>
    <subfield code="l">0</subfield>
    <subfield code="o">QA76.9.C643.S732</subfield>
    <subfield code="p">5274/12</subfield>
    <subfield code="r">2012-07-24 00:00:00</subfield>
    <subfield code="t">3</subfield>
    <subfield code="w">2012-07-24</subfield>
    <subfield code="y">BK</subfield>
  </datafield>
  <datafield tag="952" ind1=" " ind2=" ">
    <subfield code="0">0</subfield>
    <subfield code="1">0</subfield>
    <subfield code="2">lcc</subfield>
    <subfield code="4">0</subfield>
    <subfield code="7">0</subfield>
    <subfield code="a">WIUC-1</subfield>
    <subfield code="b">WIUC-1</subfield>
    <subfield code="c">GEN</subfield>
    <subfield code="d">2012-07-24</subfield>
    <subfield code="l">0</subfield>
    <subfield code="o">QA76.9.C643.S733</subfield>
    <subfield code="p">5275/12</subfield>
    <subfield code="r">2012-07-24 00:00:00</subfield>
    <subfield code="t">4</subfield>
    <subfield code="w">2012-07-24</subfield>
    <subfield code="y">BK</subfield>
  </datafield>
  <datafield tag="952" ind1=" " ind2=" ">
    <subfield code="0">0</subfield>
    <subfield code="1">0</subfield>
    <subfield code="2">lcc</subfield>
    <subfield code="4">0</subfield>
    <subfield code="7">0</subfield>
    <subfield code="a">WIUC-1</subfield>
    <subfield code="b">WIUC-1</subfield>
    <subfield code="c">GEN</subfield>
    <subfield code="d">2012-07-24</subfield>
    <subfield code="l">0</subfield>
    <subfield code="o">QA76.9.C643.S734</subfield>
    <subfield code="p">5276/12</subfield>
    <subfield code="r">2012-07-24 00:00:00</subfield>
    <subfield code="t">5</subfield>
    <subfield code="w">2012-07-24</subfield>
    <subfield code="y">BK</subfield>
  </datafield>
</record>
